| 000 | 00545nam a22001937a 4500 | ||
|---|---|---|---|
| 003 | BUBTL | ||
| 008 | 230503b ||||| |||| 00| 0 eng d | ||
| 082 | _a400/ B6234l/ 1935 | ||
| 100 |
_95306 _aBloomfield, Leonard |
||
| 245 |
_aLanguage : _bLeonard Bloomfield |
||
| 250 |
_a1st edn. _b |
||
| 260 |
_aLondon _bGeorge Allen & unwin LTD _cc1935 |
||
| 300 |
_a[ix], 468p. : _b19 cm. |
||
| 650 | 0 |
_93550 _aEnglish |
|
| 700 |
_95306 _aBloomfield, Leonard |
||
| 856 |
_k0 _l0 _yDownload |
||
| 942 |
_2ddc _cBK |
||
| 999 |
_c7034 _d7034 |
||